| 000 | 00871nmc a2200301 a 4500 | ||
|---|---|---|---|
| 003 | AR-BaBNM | ||
| 005 | 20251128205341.0 | ||
| 008 | 167019s1989 ||||||||||||||000 | spa|| | ||
| 020 | _a84-7774-048-8 | ||
| 040 | _cAR-BaBNM | ||
| 100 | 1 | _aMaza Gómez, Carlos | |
| 245 | 1 | 0 |
_aSumar y restar _bel proceso de enseñanza/aprendizaje de la suma y de la resta |
| 260 |
_aMadrid _bVisor _c1989 |
||
| 300 |
_a122 p. _bdiagr., il. |
||
| 490 | 0 |
_aAprendizaje _vv. 48 |
|
| 504 | _aBibliografía: p. 117-122 | ||
| 650 | 4 | _aENSENANZA DE LAS MATEMATICAS | |
| 650 | 4 | _aMATEMATICA | |
| 650 | 4 | _aARITMETICA | |
| 650 | 4 | _aMETODOS DE ENSENANZA | |
| 650 | 4 | _aACTIVIDADES DE APRENDIZAJE | |
| 653 | _aEDUCACION PRIMARIA | ||
| 653 | _aOPERACIONES MATEMATICAS | ||
| 800 | 1 |
_aAlvarez, Amelia _edirector |
|
| 800 | 1 |
_aDel Río, Pablo _edirector |
|
| 942 | _cBK | ||
| 998 | _csilvi | ||
| 999 |
_c11041 _d11041 |
||